Plan general de ordenación de la provincia de Barcelona : Memoria / Ministerio de la Vivienda [Comisión de Urbanismo y Arquitectura] Memoria / Ministerio de la Vivienda [Comisión de Urbanismo y Arquitectura]
Descripción Física:
223 p. : il., amb map., [5] map. pleg. ; 25 cm
MARC
| LEADER | 00000nam a2200000Ia 4500 | ||
|---|---|---|---|
| 001 | 961 | ||
| 008 | 160829s1959 xx 000 0 cat d | ||
| 080 | |a B-1-343 | ||
| 110 | |a Espanya. |b Ministerio de la Vivienda |9 11988 | ||
| 245 | |a Plan general de ordenación de la provincia de Barcelona : |b Memoria / Ministerio de la Vivienda [Comisión de Urbanismo y Arquitectura] | ||
| 260 | |a Barcelona : |b [s.n.], |c 1959 | ||
| 300 | |a 223 p. : |b il., amb map., [5] map. pleg. ; |c 25 cm | ||
| 650 | |a Urbanisme |x Barcelona (Província) |x Projectes |9 20722 | ||
| 650 | 0 | |a Ordenació del territori |z Barcelona (Província) |9 45062 | |
| 901 | |a Arxiu | ||
| 942 | |n 1 | ||
| 952 | |0 0 |1 0 |4 0 |6 B1343 |7 1 |9 41641 |a Arxiu |b Arxiu |d 2016-12-01 |l 0 |o B-1-343 |p 961 |r 2016-12-01 00:00:00 |w 2016-12-01 |y ARXIU | ||
| 999 | |c 43531 |d 43531 | ||